• 首页
  • 本馆介绍
  • 公告通知
  • 最新文献
  • 馆藏检索
  • 电子资源
  • 读者导购
  • 参考咨询
  • 我的图书馆
  • 登录
  • 详细信息显示
  • 放入我的书架
  • 预约/预借图书
  • 作者相关作品
  • 分类相关作品
  • 丛书相关作品
  • 出版社相关作品

书目信息

  • 表格格式
  • 工作单格式
  • 卡片格式
题名:
课程发展与教师专业
    
 
作者: 周淑卿 著
分册:  
出版信息: 北京   九州出版社  2006
页数: 134页
开本: 24cm
丛书名: 台湾教育名著丛书
单 册:
中图分类: G423.07 , G451.2
科图分类:
主题词: 课程--教学管理--研究 , 师资培养--研究
电子资源:
ISBN: 7-80195-520-X
000 00941nam0 2200277 450
001 1570722993
005 20150201090300.92
010    @a7-80195-520-X@dCNY36.00(全十一册CNY395.00)
100    @a20070619d2006 em y0chiy0120 ea
101 0  @achi
102    @aCN@b110000
105    @ay z 000yy
200 1  @a课程发展与教师专业@AKe Cheng Fa Zhan Yu Jiao Shi Zhuan Ye@f周淑卿著@FZhou Shu Qing Zhu
210    @a北京@c九州出版社@d2006
215    @a134页@d24cm
225 2  @a台湾教育名著丛书@v9
305    @a由HEDU高等教育文化事业有限公司(台湾)授权出版
330    @a本书即由教师专业的四个面向——专业知识、专业自主、专业身份认同及专业成长,来讨论近年来教师从事课程发展的现象与问题。
410  0 @12001 @a台湾教育名著丛书
606 0  @a课程@x教学管理@x研究
606 0  @a师资培养@x研究
690    @aG423.07@v4
690    @aG451.2@v4
701  0 @a周淑卿@AZhou Shu Qing@4著
801  0 @aCN@bTSSF@c20150201
905    @aZUCC@dG423.07@eJY2
    
    课程发展与教师专业/周淑卿著.-北京:九州出版社,2006
    134页;24cm.-(台湾教育名著丛书;9)
    
    
    ISBN 7-80195-520-X:CNY36.00(全十一册CNY395.00)
    本书即由教师专业的四个面向——专业知识、专业自主、专业身份认同及专业成长,来讨论近年来教师从事课程发展的现象与问题。
●
相关链接 在E读中查询图书 在五车中查询图书 在当当中查询图书 在豆瓣中查询图书


正题名:课程发展与教师专业     索取号:G423.07/JY2         预约/预借

序号 登录号 条形码 馆藏地/架位号 状态 备注
1 7846821   278468212   学院路分馆/ [索取号:G423.07/JY2] 在馆    
2 7860746   278607465   学院路分馆/ [索取号:G423.07/JY2] 在馆    
3 7860747   278607474   学院路分馆/ [索取号:G423.07/JY2] 在馆    
4 7860748   278607483   学院路分馆/ [索取号:G423.07/JY2] 在馆    
5 7860749   278607492   学院路分馆/ [索取号:G423.07/JY2] 在馆    
唐山师范学院图书馆 欢迎您!
大连网信软件有限公司© 版权所有